[Event "AUTO-INT-3947"]
[Site "http://www.queenalice.com/game.php?id=1869303"]
[Date "2026.2.15"]
[Round "2"]
[White "caradepau"]
[Black "Carlos19"]
[Result "0-1"]
[WhiteElo "1674"]
[BlackElo "1753"]

1. e4 e5 2. Bc4 Nf6 3. d3 Bc5 4. c3 d6 5. h3 Nc6 6. Nf3 h6 7. Qe2 O-O 8. Be3
Bxe3 9. Qxe3 Re8 10. a3 Be6 11. Bxe6 Rxe6 12. Nbd2 a5 13. g4 Nh7 14. Ke2 d5 15.
exd5 Qxd5 16. h4 f6 17. g5 f5 18. gxh6 f4 19. Qe4 Qxe4+ 20. dxe4 gxh6 21. Rhg1+
Kf7 22. Nh2 b5 23. a4 b4 24. cxb4 Nxb4 25. Ng4 Rc8 26. Rac1 h5 27. Nh2 Rd6 28.
Nc4 Rd4 29. Nd6+ Rxd6 30. Nf3 Nf6 31. Nxe5+ Ke6 32. Ng6 Nxe4 33. Nxf4+ Kf5 34.
Nxh5 Rd2+ 35. Kf1 Rxb2 36. Rg2 Nd2+ 37. Ke1 Nf3+ 38. Kf1 Ke6 39. Ng7+ Kf7 40.
Rg3 Nd2+ 41. Kg2 Nd3 42. Rd1 Nf4+ 43. Kh2 Rg8 44. Rc1 Rb7 45. Rg4 Nf1+ 46. Rxf1
Rb4 47. Rd1 Ke7 48. Nf5+ Kf7 49. Rxg8 Kxg8 50. Rd8+ Kf7 51. Rd7+ Ke6 52. Re7+
Kxf5 53. Rxc7 Rxa4 54. Rc5+ Kg4 55. Rg5+ Kxh4 56. Rg7 Ra1 57. f3 a4 58. Rh7+ Kg5
59. Rg7+ Kf6 60. Rh7 Ra2+ 61. Kg3 Ne2+ 62. Kg4 Rc2 63. f4 a3 64. Rh6+ Kg7 65.
Kg5 a2 66. Rg6+ Kf7 67. f5 Rc5 68. Kg4 a1=Q 69. Kg5 Qg1+ 70. Kh5 Rxf5+ 71. Kh4
Qxg6 72. Kh3 Qg3# 0-1

[Event "AUTO-INT-3947"]
[Site "http://www.queenalice.com/game.php?id=1869304"]
[Date "2026.2.15"]
[Round "2"]
[White "Carlos19"]
[Black "caradepau"]
[Result "1-0"]
[WhiteElo "1712"]
[BlackElo "1672"]

1. e4 e5 2. Nf3 Nc6 3. Bc4 a6 4. d3 h6 5. Nc3 Bb4 6. Bd2 d6 7. a3 Bc5 8. O-O Nf6
9. h3 g5 10. Nd5 Nxd5 11. Bxd5 g4 12. hxg4 Bxg4 13. Bxc6+ bxc6 14. Ba5 Rb8 15.
b4 Ba7 16. c4 c5 17. Qa4+ Qd7 18. Qxd7+ Bxd7 19. Bxc7 Rc8 20. Bxd6 cxb4 21. Bxb4
h5 22. Nxe5 Rg8 23. Nxd7 Kxd7 24. Kh2 Bb8+ 25. g3 Rg6 26. f4 Bd6 27. Bxd6 Rxd6
28. Rfd1 Rb8 29. e5 Rh6 30. c5 h4 31. g4 Kc6 32. d4 Rb2+ 33. Kh1 Kd5 34. f5 h3
35. Rab1 Rxb1 36. Rxb1 Kxd4 37. Rb6 Rh4 38. e6 fxe6 39. f6 Rxg4 40. Rxa6 e5 41.
c6 e4 42. c7 e3 43. Ra4+ Kd3 44. Rxg4 e2 45. Rg1 Kd2 46. c8=Q e1=Q 47. Qd8+ Ke2
48. Qe8+ Kf2 49. Rxe1 Kg3 50. Qe5+ Kf3 51. Rf1+ Kg4 52. Qf5+ Kg3 53. Rf3+ Kh4
54. Qxh3+ Kg5 55. Qf5+ Kh6 56. Rh3# 1-0

[Event "AUTO-OPEN-4645"]
[Site "http://www.queenalice.com/game.php?id=1871110"]
[Date "2026.3.28"]
[Round "1"]
[White "Capixabba789"]
[Black "caradepau"]
[Result "1-0"]
[WhiteElo "1907"]
[BlackElo "1656"]

1. d4 d5 2. Nc3 Nf6 3. f4 Bg4 4. Nf3 Bxf3 5. exf3 a6 6. Bd3 e6 7. O-O Bb4 8. Bd2
Nc6 9. a3 Bd6 10. Ne2 O-O 11. Ng3 Nxd4 12. Bc3 Nc6 13. Bd2 b5 14. b4 Nd7 15. f5
Bxg3 16. hxg3 exf5 17. Bxf5 h6 18. Bf4 a5 19. Qxd5 axb4 20. Qxc6 Ra7 21. Bxd7
bxa3 22. Qxb5 g5 23. Be3 f6 24. Bxa7 h5 25. Rfd1 h4 26. Be6+ Kg7 27. Rxd8 Rxd8
28. g4 Rh8 29. Qd7+ Kg6 30. Bf5+ Kh6 31. Qxc7 h3 32. gxh3 Re8 33. Qh7# 1-0

[Event "AUTO-OPEN-4645"]
[Site "http://www.queenalice.com/game.php?id=1871111"]
[Date "2026.3.28"]
[Round "1"]
[White "caradepau"]
[Black "Capixabba789"]
[Result "1/2-1/2"]
[WhiteElo "1650"]
[BlackElo "1926"]

1. e4 e5 2. Bc4 Nc6 3. a3 d6 4. d3 Nf6 5. h3 Be7 6. Nf3 Bd7 7. Ng5 O-O 8. Nc3
Nd4 9. Be3 c5 10. Bxd4 cxd4 11. Ne2 Bc6 12. Nf3 a6 13. Qd2 Nh5 14. b4 Kh8 15. c3
f5 16. cxd4 fxe4 17. dxe5 exf3 18. gxf3 Rxf3 19. Rg1 Bh4 20. exd6 Bxf2+ 21. Kd1
Bxg1 22. Nd4 Rf1+ 23. Ke2 Rxa1 24. Nxc6 bxc6 25. Qe3 Bxe3 26. Kxe3 Qxd6 27. Bf7
Rxa3 28. Bxh5 Rxd3+ 29. Kf2 Qh2+ 30. Ke1 Qd2+ 31. Kf1 Ra3 32. h4 Ra1+ 33. Bd1
1/2-1/2

[Event "AUTO-OPEN-4645"]
[Site "http://www.queenalice.com/game.php?id=1871136"]
[Date "2026.3.28"]
[Round "1"]
[White "chessman"]
[Black "caradepau"]
[Result "1-0"]
[WhiteElo "2063"]
[BlackElo "1628"]

1. e4 e5 2. Nf3 d6 3. d4 h6 4. dxe5 a6 5. exd6 Bxd6 6. Bc4 Ne7 7. O-O Nbc6 8.
Re1 O-O 9. Nc3 b5 10. Bb3 Ng6 11. Qe2 Bb4 12. Bd2 Re8 13. Rad1 Nd4 14. Nxd4 Qxd4
15. Be3 Qe5 16. Bd4 Qd6 17. Bxg7 Kxg7 18. Rxd6 Bxc3 19. Rxg6+ fxg6 20. bxc3 h5
21. e5 Bg4 22. Qe3 a5 23. Qc5 a4 24. Qxc7+ Kh6 25. Bd5 Rac8 26. Qa5 Be6 27. Qxb5
Rxc3 28. Bxe6 Rxe6 29. Qxa4 g5 30. Qb4 Rxc2 31. Qf8+ Kg6 32. Qg8+ Kf5 33. Qh7+
Kf4 34. Qe4# 1-0

[Event "AUTO-OPEN-4645"]
[Site "http://www.queenalice.com/game.php?id=1871137"]
[Date "2026.3.28"]
[Round "1"]
[White "caradepau"]
[Black "chessman"]
[Result "0-1"]
[WhiteElo "1626"]
[BlackElo "2074"]

1. e4 e6 2. e5 d5 3. d4 c5 4. Nf3 cxd4 5. Qxd4 Nc6 6. Qd1 Bc5 7. a3 Nge7 8. Nc3
O-O 9. Bb5 Bd7 10. b4 Bb6 11. O-O a6 12. Bxc6 Bxc6 13. a4 Ng6 14. Bd2 Bc7 15.
Qe2 Qb8 16. b5 axb5 17. axb5 Bd7 18. Rxa8 Qxa8 19. Ng5 h6 20. Nf3 Qa3 21. Qd3
Nxe5 22. Nxe5 Bxe5 23. h3 Rc8 24. Nb1 Qxd3 25. b6 Qxc2 26. g4 Qb2 27. g5 hxg5
28. Bxg5 Qxb6 29. Re1 Bf6 30. Bxf6 gxf6 31. Kg2 Rc2 32. Kf3 Qxf2+ 33. Kg4 Rc4+
34. Kh5 Qh4# 0-1

[Event "Challenge"]
[Site "http://www.queenalice.com/game.php?id=1871749"]
[Date "2026.4.9"]
[Round "-"]
[White "jogo"]
[Black "caradepau"]
[Result "0-1"]
[WhiteElo "1420"]
[BlackElo "1668"]

1. e4 e5 2. Nf3 Nc6 3. c3 a6 4. d4 exd4 5. cxd4 h6 6. d5 Na7 7. a3 Nf6 8. Nc3
Bc5 9. b4 Bb6 10. h3 O-O 11. e5 Nh7 12. Bd3 c5 13. Qc2 d6 14. Bxh7+ Kh8 0-1